Introduction à la culture japonaise : Essai d'anthropologie réciproque (notice n° 1505580)
[ vue normale ]
| 000 -LEADER | |
|---|---|
| fixed length control field | 01067cam a2200133 4500500 |
| 005 - DATE AND TIME OF LATEST TRANSACTION | |
| control field | 20250921001554.0 |
| 041 ## - LANGUAGE CODE | |
| Language code of text/sound track or separate title | fre |
| 042 ## - AUTHENTICATION CODE | |
| Authentication code | dc |
| 100 10 - MAIN ENTRY--PERSONAL NAME | |
| Personal name | Nakagawa, Hisayasu |
| Relator term | author |
| 245 00 - TITLE STATEMENT | |
| Title | Introduction à la culture japonaise : Essai d'anthropologie réciproque |
| 260 ## - PUBLICATION, DISTRIBUTION, ETC. | |
| Name of publisher, distributor, etc. | Presses Universitaires de France,<br/> |
| Date of publication, distribution, etc. | 2005.<br/> |
| 520 ## - SUMMARY, ETC. | |
| Summary, etc. | Tous les essais réunis dans cet ouvrage concernent la culture japonaise, écrits au Japon en français. Le Japon y est montré éclairé par une lumière venue de France qui enrichit la propre lumière japonaise. L’originalité de la démarche de l’auteur est dans cette tentative nouvelle de lectures et d’explications sous ce «double éclairage», des phénomènes culturels japonais. Le lecteur français auquel s’adresse l’auteur pourra ainsi aborder le Japon comme une civilisation différente de la sienne et non plus seulement comme un pays aux mœurs exotiques et étranges. |
| 856 41 - ELECTRONIC LOCATION AND ACCESS | |
| Uniform Resource Identifier | <a href="https://shs.cairn.info/introduction-a-la-culture-japonaise--9782130549529?lang=fr&redirect-ssocas=7080">https://shs.cairn.info/introduction-a-la-culture-japonaise--9782130549529?lang=fr&redirect-ssocas=7080</a> |
Pas d'exemplaire disponible.




Réseaux sociaux